Southville International School and Colleges
Your cart is empty.
  • Cart
  • Lists
    Public lists Eva Luna New books Lux_list list_1
    Your lists Log in to create your own lists
  • Log in to your account
  • Your cookies
  • Search history
Southville International School and Colleges
  • Advanced search
  • Recent comments
  • Most popular
  • Libraries

Log in to your account

Log in with GOOGLE


If you do not have an external account, but do have a local account, you can still log in:

  1. Home
  2. MARC view: Itchy, itchy chicken pox /
Normal view MARC view ISBD view

Itchy, itchy chicken pox / (Record no. 359934)

[ view plain ]
MARC details
000 -LEADER
fixed length control field 00661nam a2200253Ia 4500
008 - FIXED-LENGTH DATA ELEMENTS--GENERAL INFORMATION
fixed length control field 181129s9999 xx 000 0 und d
020 ## - INTERNATIONAL STANDARD BOOK NUMBER
International Standard Book Number 9780590449489
050 ## - LIBRARY OF CONGRESS CALL NUMBER
Item number M123 2003
100 ## - MAIN ENTRY--PERSONAL NAME
Personal name Maccarone, Grace
245 #0 - TITLE STATEMENT
Title Itchy, itchy chicken pox /
245 #0 - TITLE STATEMENT
Statement of responsibility, etc by Grace Maccarone ; illustrated by Marge Hartelius ; activities by Betsy Lewin..
260 ## - PUBLICATION, DISTRIBUTION, ETC. (IMPRINT)
Place of publication, distribution, etc New York, NY :
260 ## - PUBLICATION, DISTRIBUTION, ETC. (IMPRINT)
Name of publisher, distributor, etc Scholastic,
260 ## - PUBLICATION, DISTRIBUTION, ETC. (IMPRINT)
Date of publication, distribution, etc 2003
300 ## - PHYSICAL DESCRIPTION
Extent 30 pages :
300 ## - PHYSICAL DESCRIPTION
Other physical details color illustrations ;
300 ## - PHYSICAL DESCRIPTION
Dimensions 23cm.
440 ## - SERIES STATEMENT/ADDED ENTRY--TITLE
Title Level 1 reader.
500 ## - GENERAL NOTE
General note 80L
650 ## - SUBJECT ADDED ENTRY--TOPICAL TERM
Topical term or geographic name as entry element Viruses.
700 ## - ADDED ENTRY--PERSONAL NAME
Personal name Lewin, Betsy.
700 ## - ADDED ENTRY--PERSONAL NAME
Personal name Series.
700 ## - ADDED ENTRY--PERSONAL NAME
Personal name Title.
Holdings
Withdrawn status Lost status Damaged status Home library Current library Shelving location Date acquired Total Checkouts Full call number Barcode Date last seen Price effective from Koha item type
      Stonyhurst Southville International School (Malarayat) Stonyhurst Southville International School (Malarayat)   11/29/2018   LEX M123 2003 SSISM5728 11/29/2018 11/29/2018 Lexile

Itchy, itchy chicken pox /

APA

Maccarone G., Lewin B., Series & Title.Itchy, itchy chicken pox. New York, NY: .

Chicago

Maccarone Grace, Lewin Betsy, Series and Title.Itchy, itchy chicken pox. New York, NY: .

Harvard

Maccarone G., Lewin B., Series and Title.Itchy, itchy chicken pox. New York, NY: .

MLA

Maccarone Grace, Lewin Betsy, Series and Title.New York, NY: . .

  • Place hold
  • Print
  • Cite
  • Add to your cart (remove)
  • Save record
    BIBTEX Dublin Core MARCXML MARC (non-Unicode/MARC-8) MARC (Unicode/UTF-8) MARC (Unicode/UTF-8, Standard) MODS (XML) RIS
  • More searches
    Search for this title in:
    Other Libraries (WorldCat) Other Databases (Google Scholar) Online Stores (Bookfinder.com) Open Library (openlibrary.org)

Exporting to Dublin Core...

SOUTHVILLE LIBRARY

Southville International School and Colleges Library

1281 Tropical Ave. Cor. Luxembourg St., BF Homes International, Las Pinas City

Tel. No. 8256374 / 252358 Loc. 117/146

Powered by Koha